000 01655nam a2200409 i 4500
001 8861
003 KOSZ 005
005 20200630132819.0
008 070710s1970 pl a f 001 0 pol
015 _aPB 1970/5004
040 _aWA N
_cWA N
_dKOSZ 005/RW
_dKOSZ 005/HR
041 1 _apol
_hrus
046 _k1970
080 _a517
100 1 _aMihlin, Solomon Grigor'evič
_d(1908-1990).
_eAutor
245 1 0 _aMetody przybliżone rozwiązywania równań różniczkowych i całkowych /
_cS. G. Michlin, C. L. Smolicki ; [tłumaczenie z rosyjskiego Tadeusz B. Iwiński].
246 1 _iTytuł oryginału:
_aPribližennye metody rešeniâ differenciâl'nyh i integral'nyh uravnenij.
246 1 8 _aRównania różniczkowe i całkowe.
260 _aWarszawa :
_bPaństwowe Wydawnictwo Naukowe,
_c1970.
300 _a383, [1] strony :
_bilustracje ;
_c23 cm.
336 _2rdacontent
_aTekst
_btxt
337 _2rdamedia
_aBez urządzenia posredniczącego
_bn
338 _2rdacarrier
_aWolumin
_bnc
380 _aKsiążki.
388 _a1901-2000
490 1 _aPrzeglądowa Biblioteka Matematyki
504 _aBibliografia przy rozdziałach. Indeks.
658 _aMatematyka
650 4 _aRównania różniczkowe
650 4 _aRównania całkowe
700 1 _aSmolickij, Haim L'vovič
_d(1912-2003)
_eAutor
700 1 _aIwiński, Tadeusz B.
_d(1939- ).
_eTłumaczenie
710 2 _aPaństwowe Wydawnictwo Naukowe
_4pbl.
856 _uhttp://koha.tu.koszalin.pl/cgi-bin/koha/opac-detail.pl?biblionumber=8861
_yKatalog online BPK
830 0 _aPrzeglądowa Biblioteka Matematyki
942 _2UKD
_cKS
999 _c8861
_d8861